| 000 | 01822cam a2200433 a 4500 | ||
|---|---|---|---|
| 001 | 15434314 | ||
| 003 | OSt | ||
| 005 | 20231110113153.0 | ||
| 008 | 080830s2007 su b 000 0beng d | ||
| 010 | _a 2008334032 | ||
| 020 | _a9960984923 | ||
| 020 | _a9789960984926 | ||
| 035 | _a(OCoLC)ocn243808459 | ||
| 040 |
_aWAU _cWAU _dOCLCA _dPAU _dDLC |
||
| 041 | 1 |
_aeng _hara |
|
| 042 |
_alccopycat _alcode |
||
| 050 | 0 | 0 |
_aBP80.Z274 _bI2513 2007 |
| 066 | _c(3 | ||
| 082 |
_a297.092 _bMAW/B |
||
| 100 | 1 |
_aIbn ʻAbdul-Maujood, Salaahud-Deen ibn ʻAlee _6880-01 _99887 |
|
| 240 | 1 | 0 |
_6880-02 _aZayd ibn Thābit. _lEnglish |
| 245 | 1 | 4 |
_aThe biography of Imaam Zaid ibn Thaabit : _b(may Allaah be pleased with him) / _cby Salahuddin ʻAli Abdul Mawjood ; translated by Abdul-Raafi Adewale Imaam. |
| 246 | 1 | 4 | _aBiography of Imām Zaid ibn Thaabit |
| 246 | 1 | 8 | _aBiography of Zaid ibn Thaabit |
| 246 | 1 |
_6880-03 _iTitle on p. [4] of cover: _aZayd ibn Thābit |
|
| 250 | _a1st ed. | ||
| 260 |
_aRiyadh : _bDarussalam, _c2007. |
||
| 300 |
_a398 p. ; _c22 cm. |
||
| 504 | _aIncludes bibliographical references. | ||
| 600 | 0 | 0 |
_aZayd ibn Thābit, _d-665. |
| 600 | 0 | 0 |
_aMuḥammad, _cProphet, _d-632 _xCompanions _vBiography. |
| 700 | 1 | _aImâm, Abdul-Râfi Adewale. | |
| 880 | 1 |
_6100-01/(3/r _aابن عبد الموجود، صلاح الدين بن علي. |
|
| 880 | 1 | 0 |
_6240-02/(3/r _aزيد بن ثابت. _lإنجليزي |
| 880 | 1 |
_6246-03/(3/r _iTitle on p. [4] of cover: _aزيد بن ثابت |
|
| 906 |
_a7 _bcbc _ccopycat _d3 _encip _f20 _gy-nonroman |
||
| 942 |
_2ddc _cBK _h297.092 _iMAW/B _k297.092 _mMAW/B |
||
| 999 |
_c43023 _d43023 |
||